| 000 | 00704nam a2200241 a 4500 | ||
|---|---|---|---|
| 005 | 20210219153029.0 | ||
| 008 | 991125n 000 0 spa u | ||
| 035 | _aUPN01000073601 | ||
| 100 | 1 | _aTiana Ferrer, Alejandro | |
| 222 | _aREVISTA DE EDUCACION | ||
| 245 | _aLa educación de adultos en el siglo XIX : los primeros pasos hacia la constitución de un nuevo ámbito educativo | ||
| 260 | _aMadrid, España | ||
| 300 | _a7-26 | ||
| 362 | 0 | _a1991 No. 294, ene.-abr. | |
| 653 | 0 | _aALFABETIZACION | |
| 653 | 0 | _aBIBLIOTECAS | |
| 653 | 0 | _aEDUCACION DE ADULTOS | |
| 653 | 0 | _aETICA | |
| 653 | 0 | _aPOLITICA EDUCATIVA | |
| 653 | 0 | _aUNIVERSIDADES | |
| 904 |
_aAC _b011412 |
||
| 905 | _aArticulo | ||
| 999 |
_c66488 _d66488 |
||